Wettest European Capital Cities - Statistics

General Stats
  • This quiz has been taken 48 times
  • The average score is 7 of 10
Answer Stats
mm Capital % Correct
1,059 Bern
86%
852 Brussels
73%
843 Reykjavik
70%
947 Vaduz
70%
840 Zagreb
70%
1,362 Ljubljana
64%
897 Luxembourg
64%
928 Sarajevo
61%
1,266 Tirana
55%
1,658 Podgorica
52%
No matching quizzes found
Score Distribution
Percent of People with Each Score
Percentile by Number Answered
Your Score History
You have not taken this quiz